000 00226nam a22000857a 4500
999 _c11021
_d11021
008 180724b ||||| |||| 00| 0 eng d
100 _aWhitehead Dan
_96808
245 _aJason and the Argonauts
260 _aNew Delhi
_bCampfire
_c2016